[Event "Quebec-ch Intercoll"]
[Site "Joliette"]
[Date "1993.04.10"]
[Round "3"]
[White "Brassard, Luc"]
[Black "Forget, Eric"]
[Result "1/2-1/2"]
[WhiteElo "1814"]
[BlackElo "1609"]
[PlyCount "42"]
[EventDate "1993.04.09"]
[EventType "swiss"]
[EventRounds "6"]
[EventCountry "CAN"]
[SourceTitle "EXT 2022"]
[Source "ChessBase"]
[SourceDate "2021.10.06"]
[SourceVersion "1"]
[SourceVersionDate "2021.10.06"]
[SourceQuality "1"]

1. e4 e5 2. Nf3 Nc6 3. Bc4 d6 4. h3 Be7 5. d4 exd4 6. Nxd4 Nxd4 7. Qxd4 Nf6 8. 0-0 0-0 9. Nc3 a6 10. a4 Be6 11. Bf4 Nh5 12. Bh2 Nf6 13. Rad1 Bxc4 14. Qxc4 Qc8 15. g4 Re8 16. Rd3 Bd8 17. f3 Nd7 18. f4 Nb6 19. Qd4 Qe6 20. a5 Nd7 21. f5 Qf6 1/2-1/2

[Event "Quebec-ch Intercoll"]
[Site "Joliette"]
[Date "1993.04.09"]
[Round "1"]
[White "Brassard, Luc"]
[Black "Efpraxiadis, Jean"]
[Result "1-0"]
[WhiteElo "1814"]
[BlackElo "1507"]
[PlyCount "85"]
[EventDate "1993.04.09"]
[EventType "swiss"]
[EventRounds "6"]
[EventCountry "CAN"]
[SourceTitle "EXT 2022"]
[Source "ChessBase"]
[SourceDate "2021.10.06"]
[SourceVersion "1"]
[SourceVersionDate "2021.10.06"]
[SourceQuality "1"]

1. e4 e5 2. Nf3 Nc6 3. d4 exd4 4. Bc4 Be7 5. c3 d3 6. Qxd3 d6 7. h3 Be6 8. Bxe6 fxe6 9. c4 Nf6 10. 0-0 Nd7 11. Nc3 Nce5 12. Nxe5 Nxe5 13. Qe2 Bf6 14. f4 Nc6 15. f5 exf5 16. exf5+ Qe7 17. Qxe7+ Nxe7 18. Be3 Kd7 19. Ne2 Nc6 20. Nf4 Rae8 21. Nd5 Re4 22. Rf4 Rhe8 23. Rxe4 Rxe4 24. Rc1 Nd4 25. Nxf6+ gxf6 26. Bxd4 Rxd4 27. Rc2 h5 28. g3 d5 29. cxd5 Rxd5 30. g4 hxg4 31. hxg4 Kd6 32. Kh2 Rd3 33. Re2 Rd4 34. Kg3 c5 35. Re6+ Kd5 36. Rxf6 Rd2 37. g5 Rxb2 38. g6 Rb1 39. Kf2 Rb2+ 40. Kf3 Rb1 41. g7 Rg1 42. Rg6 Rf1+ 43. Ke2 1-0